000 01033cam a22003257a 4500
003 CHAP
005 20220329133154.0
008 971013s1990 r 00010 d
010 _a2960
011 _a3932
035 _a3133
040 _cCHAP
090 _aFolleto 13583
100 0 0 _aToral Jarquín, Januario P.
_9113921
245 1 3 _aEl cultivo del marañón Anacardium occidentale Linn.
260 _aChilpancingo, Gro. :
_bSARH,
_c1990
300 _a19 h
500 _aD48-17
590 _aBATCH-UPD
_b10
_c20130110
_lUCH01
_h0836
590 _aBATCH-UPD
_b10
_c20130410
_lUCH01
_h0514
590 _aBATCH-UPD
_b10
_c20130914
_lUCH01
_h1446
590 _aCONVERSION
_b10
_c20130109
_lUCH01
_h1303
650 1 4 _aFruticultura
_xTrópicos.
_943755
650 1 4 _aMarañón.
_971236
710 0 _aMéxico.
_bSecretaría de Agricultura y Recursos Hidráulicos
_976864
901 _aBK
942 _cFOLL
949 _aFolleto 13583
_bBC
_cFOLL
_d-12644
_eTS1
_i3133
_mD
_si
949 _aFolleto 13583
_bBC
_cFOLL
_d-75322
_eTS2
_fc.2
_i3133
_si
999 _c2960
_d2960